Unsteady AIM (Record no. 82294)

MARC details
000 -LEADER
fixed length control field 01045cam a22001935a 4500
001 - CONTROL NUMBER
control field L149841
008 - FIXED-LENGTH DATA ELEMENTS--GENERAL INFORMATION
fixed length control field 100504e2010 xxk 000 0 eng d
035 ## - SYSTEM CONTROL NUMBER
System control number (Sirsi) u149841
041 0# - LANGUAGE CODE
Language code of text/sound track or separate title eng
100 1# - MAIN ENTRY--PERSONAL NAME
Personal name Shah, Aditi
245 00 - TITLE STATEMENT
Title Unsteady AIM
260 ## - PUBLICATION, DISTRIBUTION, ETC.
Date of publication, distribution, etc. 2010
490 #0 - SERIES STATEMENT
Series statement Property Week
Volume/sequential designation 76(14) 09 April 2010, 16-17(2)
520 ## - SUMMARY, ETC.
Summary, etc. Despite long-term investor criticism London's Alternative Investment Market (AIM) continues to attract property company flotations with Squarestone Brasil about to become the latest overseas property company addition to the index. The poor performance of the highly geared companies on AIM over the past few years, the value erosion of shareholders' funds and the lack of transparency in accounting, have cast doubts on the real estate sector's future. Table ranks London AIM-listed overseas property funds' 2009-April 2010 share price performance.
590 ## - LOCAL NOTE (RLIN)
Local note KA
651 #4 - SUBJECT ADDED ENTRY--GEOGRAPHIC NAME
Geographic name United Kingdom
Chronological subdivision
690 ## - LOCAL SUBJECT ADDED ENTRY--TOPICAL TERM (OCLC, RLIN)
Topical term or geographic name as entry element PROPERTY-COMMERCIAL PROPERTY-COMMERCIAL PROPERTY FINANCE AND INVESTMENT
942 ## - ADDED ENTRY ELEMENTS (KOHA)
Suppress in OPAC 0
Holdings
Withdrawn status Lost status Source of classification or shelving scheme Damaged status Not for loan Home library Current library Shelving location Date acquired Total Checkouts Full call number Barcode Date last seen Copy number Price effective from Koha item type
    Dewey Decimal Classification     London London Journal article 04/05/2010   L149841 149841-1001 06/08/2019 1 06/08/2019 Journal article